| 000 | 00000nam 2200000zi 4500 |
| 001 | 9.883001 |
| 003 | CaOODSP |
| 005 | 20221107170440 |
| 006 | m o d f |
| 007 | cr ||||||||||| |
| 008 | 191218t20202020onca |ob f000 0 eng d |
| 020 | |a9780660335667 |
| 040 | |aCaOODSP|beng|erda|cCaOODSP |
| 043 | |an-cn--- |
| 086 | 1 |aD2-425/2020E-PDF |
| 245 | 00|aDigital navy : |ba strategy to enable Canada's naval team for the digital age. |
| 264 | 1|a[Ottawa] : |bNational Defence = Défense nationale, |c[2020] |
| 264 | 4|c©2020 |
| 300 | |a1 online resource (19 pages) : |bcolour illustrations |
| 336 | |atext|btxt|2rdacontent |
| 337 | |acomputer|bc|2rdamedia |
| 338 | |aonline resource|bcr|2rdacarrier |
| 500 | |aIssued also in French under title: Marine numérique : une stratégie pour adapter l'équipe de marine du Canada à l'ère numérique. |
| 500 | |aTitle from cover. |
| 500 | |aIssued also in HTML format. |
| 504 | |aIncludes bibliographical references (page 19). |
| 610 | 10|aCanada.|bRoyal Canadian Navy. |
| 650 | 0|aNaval art and science|xTechnological innovations|zCanada. |
| 650 | 0|aMarine engineering|zCanada. |
| 710 | 1 |aCanada. |bDepartment of National Defence, |eissuing body. |
| 775 | 08|tMarine numérique : |w(CaOODSP)9.883002 |
| 856 | 40|qPDF|s1.30 MB|uhttps://publications.gc.ca/collections/collection_2020/mdn-dnd/D2-425-2020-eng.pdf |
| 856 | 4 |qHTML|sN/A|uhttp://www.navy-marine.forces.gc.ca/en/innovation/digital-navy.page? |